000 01469nam0a2200349 4500
001 RU\NLR\bibl\283671
005 20260406030619.0
010 _a5-309-00180-8
_bВ пер.
_97000
021 _aRU
_b2002-9582
_9475
035 _a(NLR Aleph) 000279117
090 _a1633072
_c1633072
100 _a20020618d2001 |||y0rusy50 ca
101 1 _arus
_ceng
102 _aRU
105 _aa |||||||||
200 1 _aЗатемнение в Грэтли
_eПовесть, пьесы, эссе
210 _aМ.
_cАрмада-пресс
_d2001
215 _a443,[3] с.
_cил.
_d21
225 1 _aИзбранное
327 1 _aСодерж.: Затемнение в Грэтли: Повесть; Пьесы: Они пришли к городу; Теперь пусть уходит!; Роза и корона; Эссе разных лет: Открытый дом; Американские заметки; Сон в летний день; Чужие свершения; Первый снег; Наш театр
675 _a821.111-31/-32Пристли
_v3
_zrus
686 _a17.82
_2rugasnti
686 _a84(4Вел)-44
_2rubbk
686 _aШ6(4Вл)67я44
700 1 _4070
_8rus
_7ca
_aПристли
_bДж.Б.
_f1894-1984
_gДжон Бойнтон
_3RU\NLR\auth\77885
_9110922
801 0 _aRU
_bRKP
_c20020618
_gPSBO
801 1 _aRU
_bRKP
_c20020618
801 2 _aRU
_bNLR
_c20020801
_grcr
942 _cBOOK
980 _aNB